|
|
|
|
| LEADER |
00791cam a2200265 7i4500 |
| 001 |
0000067329 |
| 005 |
20180502090000.0 |
| 005 |
##20180502104800.0 |
| 003 |
##MY-KlINT |
| 008 |
180424 2016 nyu eng |
| 020 |
# |
# |
|a 9780143110125
|
| 039 |
# |
9 |
|a 201805021048
|b zarinah
|y 201804241608
|z zarinah
|
| 040 |
# |
# |
|a INTS
|
| 082 |
0 |
0 |
|a 158.1
|
| 090 |
0 |
0 |
|a 158.1
|b MAR
|
| 100 |
1 |
# |
|a Marsh, Jeffrey
|e author
|
| 245 |
1 |
0 |
|a HOW TO BE YOU :
|b STOP TRYING TO BE SOMEONE ELSE AND START LIVING YOUR LIFE /
|c JEFFREY MARSH.
|
| 264 |
# |
0 |
|a New York
|b TarcherPerigee Book
|c 2016
|
| 300 |
# |
# |
|a xiii, 190 pages;
|c 21cm.
|
| 336 |
# |
# |
|a text
|2 rdacontent
|
| 337 |
# |
# |
|a unmediated
|2 rdamedia
|
| 338 |
# |
# |
|a volume
|2 rdacarrier
|
| 650 |
# |
0 |
|a Self-realization
|
| 650 |
# |
0 |
|a Self-esteem
|
| 650 |
# |
0 |
|a Self-acceptance
|